00428nam a2200157Ia 45000010006000000050017000060080041000230410008000640820018000721000023000902450104001132600009002173000028002266500008002546540008002621801720260306171559.0260306s9999||||xx |||||||||||||| ||und|| aESP a658.3125bP17 aPain, AbrahameAUT 0aCómo evaluar las acciones de capacitación:bGuía práctica para la reflexión y la acción c2010 a171 páginas :c22 cm. aGEN aCAN